| Поле | Название | Значение |
| |
Тип записи |
i |
| |
Библиографический уровень |
m |
| 001 |
Контрольный номер |
RU/IS/BASE/322073420 |
| 005 |
Дата корректировки |
20201206204718.8 |
| 010 |
Индекс ISBN |
__ |
| d |
Цена |
132-00 |
| 101 |
Язык документа |
0_ |
| a |
Язык текста |
rus |
| c |
Язык оригинала |
rus |
| 200 |
Заглавие и сведения об ответственности |
1_ |
| a |
Заглавие |
Часы с кукушкой |
| e |
Сведения, относящиеся к заглавию |
[лирическая комедия : аудиоспектакль] |
| f |
Первые сведения об ответственности |
Леонид Филатов ; авт. идеи, сценарист, режиссер Юрий Доронин ; композитор Андрей Мороз ; актеры Ирина Дитц [и др.] |
| b |
Общее обозначение материала |
Звукозапись |
| 210 |
Выходные данные |
__ |
| a |
Место издания |
М. |
| c |
Издательство |
Аудиокнига |
| d |
Дата издания |
2007 |
| 215 |
Физическое описание |
__ |
| a |
Объем |
1 электрон. опт. диск (Audio CD) (1 ч. 20 мин.) |
| 225 |
Серия |
__ |
| a |
Серия |
Аудиоспектакль |
| 323 |
Примечание о главных создателях, исполнителях, участниках |
__ |
| a |
Примечание о главных создателях, исполнителях, участниках |
Дитц, И. |
| a |
Примечание о главных создателях, исполнителях, участниках |
Воробьев, В. |
| a |
Примечание о главных создателях, исполнителях, участниках |
Бездушный, С. |
| 330 |
Аннотация |
__ |
| a |
Аннотация |
Представьте себе: вы сидите, уткнувшись в телевизор, а жена каждый вечер пилит и пилит вас: "скучно живем, ни театра. Ни кино, ни концертов, даже в гости не ходим, да и к нам - никто…" Чем это может кончиться? Понятно чем: является однажды в дом полуночный гость, и скучать сразу некогда. Так становится весело, что и до развода недалеко. Смешная бытовая история оказывается на поверку глубокой философской притчей. |
| 337 |
Примечание о системных требованиях (электронные ресурсы) |
__ |
| a |
Примечание о системных требованиях (электронные ресурсы) |
Системные требования: CD-плеер с поддержкой MP3 ; Pentium-233 ; Windows 9x-XP ; CD-ROM ; звуковая карта |
| 606 |
Тематические рубрики |
__ |
| a |
Основная рубрика |
Музыка и зрелищные искусства |
| 606 |
Тематические рубрики |
__ |
| a |
Основная рубрика |
Художественное радиовещание |
| 610 |
Ключевые слова |
__ |
| a |
Ключевые слова |
пьесы; аудиопостановки; тема семьи; тема любви; тема взаимоотношений; тема дружбы; тема женщины |
| 686 |
Индексы других классификаций |
__ |
| a |
Классификационный индекс |
85.38я04 |
| 700 |
Автор |
_1 |
| a |
Фамилия |
Филатов |
| b |
Имя |
Л. А. |
| f |
Даты |
1946-2003 |
| g |
Полное личное имя |
Леонид Алексеевич |
| 4 |
Код отношения |
070 |
| 702 |
Вторичная интеллектуальная ответственность |
_1 |
| a |
Фамилия |
Доронин |
| b |
Имя |
Ю. |
| 4 |
Код отношения |
Автор идеи |
| g |
Полное личное имя |
Юрий |
| 702 |
Вторичная интеллектуальная ответственность |
_1 |
| a |
Фамилия |
Мороз |
| b |
Имя |
А. |
| 4 |
Код отношения |
Композитор |
| g |
Полное личное имя |
Андрей |
| 801 |
Источник записи |
_0 |
| a |
Страна |
RU |
| b |
Организация |
Муниципальное бюджетное учреждение культуры "Централизованная библиотечная система" г. Сургут (Центральная городская библиотека им. А. С. Пушкина) |
| g |
Правила каталогизации |
КиК/Поспелова |
| 801 |
Источник записи |
_1 |
| a |
Страна |
RU |
| b |
Организация |
Муниципальное бюджетное учреждение культуры "Централизованная библиотечная система" г. Сургут (Центральная городская библиотека им. А. С. Пушкина) |
| g |
Правила каталогизации |
КиК/Поспелова |
| 852 |
Данные о местонахождении |
__ |
| j |
Шифр хранения |
85.38я04 |
| c |
Каталожный индекс |
85.38я04 |
| i |
Авторский знак |
Ф 51 |
| 901 |
Тип документа |
__ |
| t |
Тип документа |
0 |
| 903 |
Характеристики (МАРС) |
__ |
| a |
Дата передачи |
20100319 |
| 969 |
Тип издания |
__ |
| a |
Тип издания |
аудиоспектакль |
| 990 |
Данные о заказе (DOS) |
__ |
| j |
Количество экземпляров (DOS) |
1 |
| h |
N записи в КСУ для Б/У (DOS) |
201004 |